Tres años de una gestión gubernamental exitosa / (Registro nro. 8182)

Detalles MARC
000 -LIDER
fixed length control field 00920nam a2200253 a 4500
001 - NÚMERO DE CONTROL
Identificador de número de control
003 - IDENTIFICACDOR DE NÚMERO DE CONTROL
control field DO-SdBNP
005 - DATE AND TIME OF LATEST TRANSACTION
control field 20220120084421.0
007 - CAMPOS FIJOS DE DESCRIPCIÓN FÍSICA
fixed length control field 000000594
008 - ELEMENTOS DE LONGITUD FIJA
fixed length control field 090331s2007 dr ad 000 0 spa d
040 ## - FUENTE DE CATALOGACIÓN
Agencia que crea de manera original el registro BPMSU
Idioma de catalogación spa
Agencia que realiza la transcripción BPMSU
082 ## - NÚMERO DE CLASIFICACIÓN DECIMAL DE DEWEY
Classification number 351.7293
Item number T279t 2007
Edition number 22
092 ## - LOCALLY ASSIGNED DEWEY DECIMAL CALL NUMBER
Número de clasificación 351.7293
Número de ítem (Cutter) M766t
100 1# - ASIENTO PRINCIPAL -- NOMBRE PERSONAL
Nombre personal Montás, Juan Temístocles,
Fechas asociadas con el nombre 1950-
245 10 - MENCIÓN DE TITULO
Título Tres años de una gestión gubernamental exitosa /
Mención de responsabilidad Juan Temístocles Montás.
260 ## - PUBLICACIÓN, DISTRIBUCIÓN, ETC. (PIE DE IMPRENTA)
Lugar de publicación, distribución, etc [Santo Domingo] :
Nombre del editor, distribuidor, etc. Secretaría de Estado de Economía Planificación y Desarrollo,
Fecha de publicación, distribución, etc 2007.
300 ## - DESCRIPCIÓN FÍSICA
Extensión 92 p. :
Otros detalles físicos il., gráfcs. ;
Dimensiones 21cm.
590 ## - NOTA LOCAL
Enlace Inventariado, 2022/VM
651 #4 - ENCABEZAMIENTO DE MATERIA--NOMBRE GEOGRÁFICO
Nombre geográfico República Dominicana
Subdivisión temática general Administración pública
651 #4 - ENCABEZAMIENTO DE MATERIA--NOMBRE GEOGRÁFICO
Nombre geográfico República Dominicana
Subdivisión temática general Política y gobierno
710 2# - ASIENTO SECUNDARIO -- NOMBRE CORPORATIVO
Nombre corporativo o de jurisdicción Secretaría de Estado de Economía Planificación y Desarrollo.(República Dominicana)
910 ## - VALIDACIÓN
Validación VMateo V.
942 ## - ADDED ENTRY ELEMENTS (KOHA)
Source of classification or shelving scheme Dewey Decimal Classification
Koha item type Libros
Existencias
Withdrawn status Lost status Source of classification or shelving scheme Damaged status Not for loan Collection code Home library Current library Date acquired Source of acquisition Total Checkouts Full call number Barcode Date last seen Price effective from Koha item type Copy number
    Dewey Decimal Classification     Colección Dominicana Biblioteca Pública Metropolitana Salomé Ureña Biblioteca Pública Metropolitana Salomé Ureña 08/11/2015 Fundacón Juan Bosch   BPMSU CD 351.7293 T279t 2007 BPMSU15080303 08/11/2015 08/11/2015 Libros  
    Dewey Decimal Classification     Colección Dominicana Biblioteca Pública Metropolitana Salomé Ureña Biblioteca Pública Metropolitana Salomé Ureña 08/11/2015 Fundacón Juan Bosch   BPMSU CD 351.7293 T279t 2007 BPMSU15080304 08/11/2015 08/11/2015 Libros e. 2